Sports Quiz

Random Sports or NBA Quiz

Nba most improved players Quiz Stats

 Plays Quiz not verified by Sporcle

Challenge
Share
Tweet
Embed
Score 0/24 Timer 04:00
0 Plays Today
Year Player % Correct
2008-2009Danny Granger
89.9%
2006-2007Monta Ellis
69.2%
1986-1987Dale Ellis
68.6%
2007-2008Hedo Turkoglu
62.9%
2001-2002Jermaine O`neal
49.7%
2005-2006Boris Diaw
47.2%
1988-1989Kevin Johnson
38.4%
2000-2001Tracy Mcgrady
28.9%
2003-2004Zach Randolph
22%
2002-2003Gilbert Arenas
22%
1999-2000Jalen Rose
14.5%
1998-1999Darrell Armstrong
12.6%
Year Player % Correct
2004-2005Bobby Simmons
9.4%
1990-1991Scott Skiles
9.4%
1995-1996Gheorge Muresan
8.8%
1985-1986Alvin Robertson
7.5%
1989-1990Rony Seikaly
6.9%
1987-1988Kevin Duckworth
6.9%
1994-1995Dana Barros
5.7%
1992-1993Mahmoud Abdul-Rauf
4.4%
1997-1998Alan Henderson
3.8%
1993-1994Don Maclean
3.8%
1991-1992Pervis Ellison
3.1%
1996-1997Issac Austin
1.9%

You're not logged in!

Compare scores with friends on all Sporcle quizzes.
OR
Log In

You Might Also Like...

Show Comments

Extras

Top Quizzes Today


Score Distribution

Your Account Isn't Verified!

In order to create a playlist on Sporcle, you need to verify the email address you used during registration. Go to your Sporcle Settings to finish the process.

Report this User

Report this user for behavior that violates our Community Guidelines.

Details: